[Event "DRAGOMANOV FIT 2025-MASTERS"]
[Site "Kyiv"]
[Date "2025.10.02"]
[Round "5.2"]
[White "Podolskyi, Mykhailo"]
[Black "Mamedov, Ruslan"]
[Result "1-0"]
[WhiteElo "2259"]
[BlackElo "2225"]
[Annotator "Prokhorov,Oleksandr"]
[PlyCount "57"]
[EventDate "2025.09.30"]
[EventType "swiss"]
[EventRounds "10"]
[EventCountry "UKR"]
[EventCategory "1"]

1. d4 Nf6 2. c4 e6 3. Nf3 d5 4. Nc3 c6 5. e3 Nbd7 6. Qc2 Bd6 7. Be2 O-O 8. O-O
dxc4 9. Bxc4 b5 10. Be2 Bb7 11. Rd1 Rc8 12. e4 b4 13. e5 bxc3 14. bxc3 Be7 15.
Rb1 Ba8 16. exf6 Nxf6 17. Bf4 Qa5 18. Ne5 Nd5 19. Bd2 c5 20. c4 Qa6 21. dxc5
Nf6 22. Bg5 Bc6 23. Nxc6 Qxc6 24. Bxf6 gxf6 25. Rb3 Qxc5 26. Rh3 f5 27. Qc3 f6
28. Qg3+ Kh8 29. Qg6 1-0

[Event "DRAGOMANOV FIT 2025-MASTERS"]
[Site "Kyiv"]
[Date "2025.10.02"]
[Round "5.3"]
[White "Shton, Roman"]
[Black "Rodin, Alexey"]
[Result "1-0"]
[WhiteElo "2081"]
[BlackElo "1830"]
[Annotator "Prokhorov,Oleksandr"]
[PlyCount "109"]
[EventDate "2025.09.30"]
[EventType "swiss"]
[EventRounds "10"]
[EventCountry "UKR"]
[EventCategory "1"]

1. d4 Nf6 2. Nf3 e6 3. g3 b6 4. Bg2 Bb7 5. O-O Be7 6. c4 O-O 7. Nc3 Ne4 8. Qc2
Nxc3 9. Qxc3 c5 10. dxc5 bxc5 11. Rd1 d6 12. h4 h6 13. Bf4 Qc7 14. g4 Nc6 15.
g5 Nd4 16. Nxd4 cxd4 17. Qd3 e5 18. Bd2 Bxg2 19. Kxg2 Qc6+ 20. f3 f5 21. gxh6
Rf7 22. Bg5 Bf8 23. hxg7 Bxg7 24. Rac1 Rb8 25. b3 a5 26. Rg1 a4 27. Rb1 axb3
28. axb3 e4 29. Qd2 Kh7 30. Bf4 Ra8 31. Kh3 exf3 32. exf3 Qxf3+ 33. Rg3 Qc6 34.
Qe2 Qe4 35. Qh5+ Kg8 36. Rf1 Raa7 37. Qg6 Qe2 38. Rfg1 Qf2 39. Qe6 Kh7 40. Bh6
Bf6 41. Bg5 Rae7 42. Qd5 Bxg5 43. hxg5 Kg7 44. Qxd6 f4 45. Qh6+ Kg8 46. g6 Rf6
47. R3g2 Qf3+ 48. Kh2 Re5 49. Qh7+ Kf8 50. g7+ Ke7 51. g8=Q+ Kd6 52. Qb8+ Ke6
53. Qe8+ Kd6 54. Qhd7+ Kc5 55. Qb5+ 1-0

[Event "DRAGOMANOV FIT 2025-MASTERS"]
[Site "Kyiv"]
[Date "2025.10.02"]
[Round "5.4"]
[White "Gromosiak, Antonii"]
[Black "Khristovoy, Dmitriy"]
[Result "0-1"]
[WhiteElo "1894"]
[BlackElo "2163"]
[Annotator "Prokhorov,Oleksandr"]
[PlyCount "108"]
[EventDate "2025.09.30"]
[EventType "swiss"]
[EventRounds "10"]
[EventCountry "UKR"]
[EventCategory "1"]

1. e4 c5 2. Nf3 d6 3. d4 Nf6 4. Nc3 cxd4 5. Nxd4 a6 6. f3 e5 7. Nb3 Be6 8. Be3
Be7 9. Qd2 Nbd7 10. Be2 Rc8 11. g4 Nb6 12. O-O-O Nc4 13. Bxc4 Bxc4 14. g5 Nh5
15. Kb1 O-O 16. h4 b5 17. Nd5 Bxd5 18. Qxd5 Qc7 19. Rd2 Qc6 20. Na5 Qxd5 21.
Rxd5 f5 22. gxf6 Nxf6 23. Rd3 h6 24. Bd2 Rc7 25. Bb4 Ne8 26. h5 Kf7 27. b3 Ke6
28. c4 Nf6 29. Kb2 Rb8 30. a3 bxc4 31. Nxc4 Rxc4 32. bxc4 a5 33. Kc3 axb4+ 34.
axb4 Ra8 35. Kb2 Bd8 36. Ra3 Rb8 37. b5 Bb6 38. Kc2 Kd7 39. Kd3 Rf8 40. Ke2 Kc7
41. Rh2 Kb7 42. Ra1 Nh7 43. Rh4 Ng5 44. Rf1 Ra8 45. Rg4 Ra2+ 46. Kd3 Ne6 47.
Kc3 Bd4+ 48. Kb3 Ra8 49. Rg6 Nc5+ 50. Kc2 Ra2+ 51. Kd1 Na4 52. Rxg7+ Kb6 53.
Re1 Nc3+ 54. Kc1 Bc5 0-1

[Event "DRAGOMANOV FIT 2025-MASTERS"]
[Site "Kyiv"]
[Date "2025.10.02"]
[Round "5.5"]
[White "Mikhalsky, Vladimir"]
[Black "Zhukovskyi, Oleksandr"]
[Result "1/2-1/2"]
[WhiteElo "2219"]
[BlackElo "2145"]
[Annotator "Prokhorov,Oleksandr"]
[PlyCount "49"]
[EventDate "2025.09.30"]
[EventType "swiss"]
[EventRounds "10"]
[EventCountry "UKR"]
[EventCategory "1"]

1. d4 Nf6 2. c4 g6 3. f3 d5 4. cxd5 Nxd5 5. e4 Nb6 6. Nc3 Bg7 7. Be3 Nc6 8. Bb5
O-O 9. Nge2 e5 10. d5 Ne7 11. O-O Bd7 12. Bxd7 Qxd7 13. Qb3 Nec8 14. a4 Nd6 15.
a5 Nbc4 16. Bc1 a6 17. Ra4 b5 18. axb6 Nxb6 19. Ra5 Nbc4 20. Ra4 Nb6 21. Ra5
Nbc4 22. Ra4 Nb6 23. Ra5 Nbc4 24. Ra4 Nb6 25. Ra5 $11 1/2-1/2

[Event "DRAGOMANOV FIT 2025-MASTERS"]
[Site "Kyiv"]
[Date "2025.10.02"]
[Round "5.6"]
[White "Diak, Hryhorii"]
[Black "Vashchenko, Illia"]
[Result "0-1"]
[WhiteElo "1956"]
[BlackElo "1808"]
[Annotator "Prokhorov,Oleksandr"]
[PlyCount "40"]
[EventDate "2025.09.30"]
[EventType "swiss"]
[EventRounds "10"]
[EventCountry "UKR"]
[EventCategory "1"]

1. d4 d5 2. c4 e6 3. Nf3 Nf6 4. Nc3 a6 5. Bg5 dxc4 6. a4 Nc6 7. e4 Na5 8. e5 h6
9. Bh4 g5 10. Nxg5 hxg5 11. Bxg5 Be7 12. exf6 Bxf6 13. Bxf6 Qxf6 14. Ra3 Rh4
15. g3 Rxd4 16. Qh5 e5 17. Qh7 Bg4 18. h3 Bf3 19. Qg8+ Kd7 20. Qxa8 Qg5 0-1

[Event "DRAGOMANOV FIT 2025-MASTERS"]
[Site "Kyiv"]
[Date "2025.10.02"]
[Round "5.7"]
[White "Alexikov, Alexander"]
[Black "Zhukovskyi, Myhaylo"]
[Result "0-1"]
[WhiteElo "2176"]
[BlackElo "2156"]
[Annotator "Prokhorov,Oleksandr"]
[PlyCount "110"]
[EventDate "2025.09.30"]
[EventType "swiss"]
[EventRounds "10"]
[EventCountry "UKR"]
[EventCategory "1"]

1. Nf3 Nf6 2. c4 e6 3. g3 d5 4. Bg2 dxc4 5. Qa4+ Nbd7 6. Qxc4 a6 7. Qc2 c5 8.
d3 Qc7 9. O-O b5 10. Nbd2 Bb7 11. b3 Be7 12. Bb2 O-O 13. Rac1 Rac8 14. Qb1 Rfd8
15. Qa1 Nb6 16. Rc2 Nbd5 17. a3 Qd7 18. Rfc1 Qe8 19. Ng5 Nd7 20. h4 h6 21. Ngf3
Qf8 22. Ne5 N7b6 23. Ndc4 bxc4 24. dxc4 Rc7 25. cxd5 exd5 26. b4 Rdc8 27. Bd4
Bd6 28. bxc5 Bxc5 29. Nd3 Bxd4 30. Qxd4 Rxc2 31. Rxc2 Rxc2 32. Qxb6 Qe7 33. Bf3
Qc7 34. Qe3 Qc8 35. Qd4 Rc4 36. Qa7 Rc7 37. Qd4 Qe6 38. Nf4 Qd6 39. Bxd5 Bxd5
40. Nxd5 Rd7 41. e4 f5 42. Qc4 Kh7 43. Ne3 fxe4 44. Qxe4+ Qg6 45. Qc4 Qd3 46.
Qe6 Rd6 47. Qe8 Rf6 48. Nf1 Qf5 49. Qe2 Re6 50. Ne3 Qb1+ 51. Kh2 Qe4 52. h5 Re5
53. g4 Rb5 54. Qa2 Rb1 55. f3 Qe5+ 0-1

[Event "DRAGOMANOV FIT 2025-MASTERS"]
[Site "Kyiv"]
[Date "2025.10.02"]
[Round "5.8"]
[White "Nikolaev, Leonid"]
[Black "Anatskiy, Alexey"]
[Result "1/2-1/2"]
[WhiteElo "2206"]
[BlackElo "1846"]
[Annotator "Prokhorov,Oleksandr"]
[PlyCount "61"]
[EventDate "2025.09.30"]
[EventType "swiss"]
[EventRounds "10"]
[EventCountry "UKR"]
[EventCategory "1"]

1. d4 d5 2. c4 c6 3. cxd5 cxd5 4. Nc3 Nf6 5. Bf4 Nc6 6. e3 a6 7. Nf3 Bg4 8. Be2
Bxf3 9. Bxf3 e6 10. O-O Bd6 11. Bg5 h6 12. Bh4 Qc7 13. Bg3 Bxg3 14. hxg3 O-O
15. Rc1 Rac8 16. Be2 Rfd8 17. Bd3 Qa5 18. a3 b5 19. Na2 Qb6 20. b4 Na7 21. Qb3
Rxc1 22. Rxc1 Qb7 23. Rc3 Rc8 24. Nc1 Rc6 25. Qc2 Qc7 26. Rxc6 Qxc6 27. Qxc6
Nxc6 28. Nb3 Nd7 29. Kf1 Kf8 30. Ke2 Ke7 31. Kd2 1/2-1/2

[Event "DRAGOMANOV FIT 2025-MASTERS"]
[Site "Kyiv"]
[Date "2025.10.02"]
[Round "5.9"]
[White "Mikhaletz, Lubomir"]
[Black "Khristovoy, Roman"]
[Result "1-0"]
[WhiteElo "2256"]
[BlackElo "2111"]
[Annotator "Prokhorov,Oleksandr"]
[PlyCount "139"]
[EventDate "2025.09.30"]
[EventType "swiss"]
[EventRounds "10"]
[EventCountry "UKR"]
[EventCategory "1"]

1. d4 Nf6 2. Nf3 e6 3. Bg5 h6 4. Bh4 c5 5. e3 cxd4 6. exd4 b6 7. Nbd2 Bb7 8. c3
Be7 9. Bd3 d6 10. Qe2 Nbd7 11. O-O O-O 12. Rfe1 Re8 13. Bg3 Nh5 14. a4 Nxg3 15.
hxg3 a6 16. Bc2 Nf6 17. Qd3 Bf8 18. g4 g5 19. Nf1 Bg7 20. Ng3 Kf8 21. Nh2 Bc6
22. Nh5 Nxh5 23. gxh5 f5 24. Rxe6 Rxe6 25. d5 Bxd5 26. Qxf5+ Qf6 27. Qxd5 Rae8
28. Rf1 Qe5 29. Qb7 R6e7 30. Qxb6 Kg8 31. Qxa6 Qe2 32. Bd3 Qxb2 33. Qxd6 Qxc3
34. Bg6 Qe5 35. Qxe5 Rxe5 36. f4 gxf4 37. Bxe8 Rxe8 38. Rxf4 Re5 39. g4 Re2 40.
Nf3 Ra2 41. Kf1 Bf8 42. Rc4 Be7 43. Nd4 Bf6 44. Nc2 Kf7 45. Ke2 Bg5 46. Kd3 Rb2
47. Ke4 Ke6 48. a5 Ra2 49. Nd4+ Kd7 50. Rc5 Ra4 51. Rd5+ Ke8 52. Kf5 Kf7 53.
Ne6 Be3 54. g5 hxg5 55. h6 Rh4 56. Rd3 Bc1 57. Rc3 Bf4 58. Nxg5+ Bxg5 59. Kxg5
Ra4 60. Rf3+ Kg8 61. Rf5 Kh7 62. Rb5 Ra1 63. Kf5 Kxh6 64. Rb6+ Kg7 65. a6 Rf1+
66. Ke5 Re1+ 67. Kd6 Kf6 68. a7 Ra1 69. Kc7+ Ke7 70. Kb7 1-0

[Event "DRAGOMANOV FIT 2025-MASTERS"]
[Site "Kyiv"]
[Date "2025.10.02"]
[Round "5.10"]
[White "Romanov, Vladimir"]
[Black "Shkuta, Igor"]
[Result "1-0"]
[WhiteElo "1925"]
[BlackElo "1884"]
[Annotator "Prokhorov,Oleksandr"]
[PlyCount "165"]
[EventDate "2025.09.30"]
[EventType "swiss"]
[EventRounds "10"]
[EventCountry "UKR"]
[EventCategory "1"]

1. e4 c5 2. Nc3 Nc6 3. f4 e6 4. Nf3 d5 5. Bb5 Nge7 6. e5 a6 7. Bxc6+ Nxc6 8. d3
b5 9. O-O Be7 10. a3 g6 11. Kh1 Rb8 12. Ne2 a5 13. Re1 Qb6 14. Be3 b4 15. axb4
Nxb4 16. b3 Ba6 17. Ng3 Qc7 18. Qd2 h5 19. h3 h4 20. Ne2 Rh5 21. Bf2 Rc8 22.
Rec1 d4 23. Neg1 Bb7 24. Nh2 g5 25. Ngf3 gxf4 26. Qxf4 f5 27. Bxh4 Bxh4 28.
Nxh4 Qh7 29. N4f3 Nd5 30. Qd2 Ne3 31. Rg1 Rc7 32. Qxa5 Qd7 33. Qd2 Qd5 34. Rae1
f4 35. Re2 Rg7 36. Rf2 Rg3 37. Qa5 Nf5 38. Qc7 Rg7 39. Qb8+ Kd7 40. Ra1 Rxh3
41. Ra7 Rxh2+ 42. Kxh2 Kc6 43. Kg1 Ne3 44. Rxb7 Rxb7 45. Qc8+ Kb6 46. Nd2 Rg7
47. Ne4 f3 48. g3 Nf5 49. Rxf3 Qxe5 50. Kf2 Rh7 51. Kg1 Nd6 52. Qb8+ Kc6 53.
Rf8 Rc7 54. Qa8+ Rb7 55. Rb8 Kc7 56. Rxb7+ Nxb7 57. Qf8 Kb6 58. Kg2 Qh5 59. Qf3
Qh8 60. Qf4 Qh5 61. g4 Qh4 62. Qg3 Qh8 63. Qh2 Qg7 64. Qh5 Qf8 65. Qe5 Qh6 66.
g5 Qh5 67. Ng3 Qg4 68. Qf6 Nd6 69. g6 Kb5 70. Kf2 Nf5 71. Nxf5 exf5 72. Qd6 f4
73. Qb8+ Ka5 74. Qa8+ Kb4 75. Qg2 Qe6 76. Qe4 Qg4 77. Qe1+ Ka3 78. Qg1 Qe6 79.
Kf3 Kb2 80. g7 Qc6+ 81. Kf2 Qe6 82. g8=Q Qe3+ 83. Kf1 1-0

[Event "DRAGOMANOV FIT 2025-MASTERS"]
[Site "Kyiv"]
[Date "2025.10.03"]
[Round "6.1"]
[White "Mamedov, Ruslan"]
[Black "Kislinsky, Alexey"]
[Result "0-1"]
[WhiteElo "2225"]
[BlackElo "2341"]
[Annotator "Prokhorov,Oleksandr"]
[PlyCount "139"]
[EventDate "2025.09.30"]
[EventType "swiss"]
[EventRounds "10"]
[EventCountry "UKR"]
[EventCategory "1"]

1. e4 c5 2. Nf3 Nc6 3. Nc3 g6 4. d4 cxd4 5. Nxd4 d6 6. Be3 Nf6 7. f3 h5 8. Qd2
Nxd4 9. Bxd4 Bh6 10. Be3 Bxe3 11. Qxe3 Be6 12. Bb5+ Kf8 13. O-O Qa5 14. Rad1
Rc8 15. Bd3 Qc5 16. Qxc5 Rxc5 17. Nb5 Bd7 18. Nd4 e5 19. Nb3 Rc7 20. Nd2 Be6
21. b3 Ke7 22. c4 a6 23. Rf2 h4 24. Nf1 Nh5 25. Ne3 Ng7 26. Rfd2 f5 27. Be2 Rc6
28. Nc2 a5 29. Na3 Rd8 30. Nb5 Rd7 31. Na7 Rc5 32. Nb5 Ne8 33. Kf2 b6 34. g3
hxg3+ 35. hxg3 fxe4 36. fxe4 Nf6 37. Ke3 Rc6 38. Rh1 Rc8 39. Bf3 Rf8 40. Rh6
Rg8 41. Rdh2 Kf8 42. Rh8 Rxh8 43. Rxh8+ Bg8 44. Rh6 Kf7 45. Rh1 g5 46. Bh5+ Ke7
47. Bg6 Rd8 48. Bf5 Be6 49. Bxe6 Kxe6 50. Nc7+ Kf7 51. Nd5 Nxd5+ 52. cxd5 Kg6
53. Rc1 Kh5 54. Kf3 Rf8+ 55. Kg2 Kg4 56. Rc6 Rf3 57. Rxd6 Rxg3+ 58. Kf2 Rh3 59.
Rf6 Rh2+ $11 60. Ke3 Rh3+ 61. Ke2 Rh2+ 62. Rf2 Rh8 63. Rf5 Re8 64. Kd3 b5 65.
a4 bxa4 66. bxa4 Kh4 67. Kc4 g4 68. d6 g3 69. Rf7 Rg8 70. Rf1 {time} 0-1

[Event "DRAGOMANOV FIT 2025-MASTERS"]
[Site "Kyiv"]
[Date "2025.10.03"]
[Round "6.2"]
[White "Rodin, Alexey"]
[Black "Podolskyi, Mykhailo"]
[Result "1/2-1/2"]
[WhiteElo "1830"]
[BlackElo "2259"]
[Annotator "Prokhorov,Oleksandr"]
[PlyCount "108"]
[EventDate "2025.09.30"]
[EventType "swiss"]
[EventRounds "10"]
[EventCountry "UKR"]
[EventCategory "1"]

1. d4 d5 2. c4 e6 3. Nf3 c6 4. e3 Nf6 5. Bd3 Nbd7 6. O-O Bd6 7. Nbd2 O-O 8. e4
dxe4 9. Nxe4 Nxe4 10. Bxe4 h6 11. Bc2 Re8 12. Qd3 Nf8 13. Be3 Qc7 14. Rad1 e5
15. dxe5 Bxe5 16. Nxe5 Qxe5 17. Bd4 Qc7 18. Qc3 f6 19. Rde1 Bg4 20. Rxe8 Rxe8
21. Re1 Rxe1+ 22. Qxe1 Bh5 23. Qe3 b6 24. Be4 Bg6 25. Bf3 c5 26. Bc3 Bf7 27. b3
Qd7 28. h3 Ne6 29. Bg4 Qd6 30. Qf3 a5 $11 31. Bf5 Nf8 32. g3 Bg6 33. Kg2 Bxf5
34. Qxf5 Kf7 35. h4 g6 36. Qe4 h5 37. Qb7+ Nd7 38. Qe4 Qe6 39. Kf3 Qd6 40. Ke3
Qe6 41. Qxe6+ Kxe6 42. Kf4 Nb8 43. f3 Na6 44. a3 Nc7 45. g4 Ne8 46. Ke3 Nd6 47.
a4 Nf7 48. gxh5 gxh5 49. Kf4 Nd6 50. Be1 Nf5 51. Bf2 Ne7 52. Ke4 Ng6 53. Bg3
f5+ 54. Ke3 Kd7 1/2-1/2

[Event "DRAGOMANOV FIT 2025-MASTERS"]
[Site "Kyiv"]
[Date "2025.10.03"]
[Round "6.3"]
[White "Khristovoy, Dmitriy"]
[Black "Shton, Roman"]
[Result "1/2-1/2"]
[WhiteElo "2163"]
[BlackElo "2081"]
[Annotator "Prokhorov,Oleksandr"]
[PlyCount "93"]
[EventDate "2025.09.30"]
[EventType "swiss"]
[EventRounds "10"]
[EventCountry "UKR"]
[EventCategory "1"]

1. e4 Nf6 2. e5 Nd5 3. d4 d6 4. Nf3 dxe5 5. Nxe5 c6 6. Be2 Bf5 7. a3 Nd7 8. Nf3
e6 9. c4 N5f6 10. Nc3 Bd6 11. O-O O-O 12. h3 h6 13. Be3 Ne4 14. Qb3 Qc7 15.
Rfd1 Rfe8 16. Nxe4 Bxe4 17. Nd2 Bf5 18. Bd3 Bxd3 19. Qxd3 Rad8 20. Qb3 e5 21.
d5 Bc5 22. Ne4 Bxe3 23. Qxe3 cxd5 24. cxd5 Qb6 25. Qxb6 Nxb6 26. d6 Re6 27.
Rdc1 Rg6 28. Rc7 f5 29. Ng3 Rgxd6 30. Rxb7 f4 31. Ne4 R6d7 32. Rxd7 Rxd7 $11
33. Rc1 Kf7 34. Kf1 Nd5 35. Ke2 Nf6 36. Rc4 Nxe4 37. Rxe4 Kf6 38. Rc4 Kf5 39.
f3 g5 40. b4 h5 41. b5 g4 42. hxg4+ hxg4 43. a4 gxf3+ 44. gxf3 Rh7 45. a5 Rh2+
46. Ke1 Rb2 47. Rc7 $11 1/2-1/2

[Event "DRAGOMANOV FIT 2025-MASTERS"]
[Site "Kyiv"]
[Date "2025.10.03"]
[Round "6.4"]
[White "Zhukovskyi, Oleksandr"]
[Black "Gromosiak, Antonii"]
[Result "1-0"]
[WhiteElo "2145"]
[BlackElo "1894"]
[Annotator "Prokhorov,Oleksandr"]
[PlyCount "97"]
[EventDate "2025.09.30"]
[EventType "swiss"]
[EventRounds "10"]
[EventCountry "UKR"]
[EventCategory "1"]

1. Nf3 c5 2. b3 Nc6 3. Bb2 d6 4. d4 cxd4 5. Nxd4 Nf6 6. Nxc6 bxc6 7. g3 e5 8.
Bg2 Qc7 9. c4 Be7 10. Nc3 Rb8 11. Rc1 O-O 12. O-O Be6 13. Nd5 cxd5 14. cxd5 Qa5
15. dxe6 Qxa2 16. exf7+ Rxf7 17. Bc3 Qxb3 18. Qxb3 Rxb3 19. Bh3 Ne4 20. Ba1 Nc5
21. Bg2 e4 22. Bd4 Rb4 23. Bc3 Rb3 24. Rfd1 Rf8 25. Bd4 Rfb8 26. Bxc5 dxc5 27.
Bxe4 Ra3 28. Ra1 c4 29. Bd5+ Kf8 30. Bxc4 a5 31. Rxa3 Bxa3 32. Rd7 Bb2 33. Ra7
Bc3 34. Bd3 h6 35. Bg6 Rb6 36. Rf7+ Kg8 37. Rc7 Rxg6 38. Rxc3 Kf7 39. Rc7+ Ke6
40. f4 Kd6 41. Ra7 Re6 42. Kf2 Re4 43. Rxa5 Re7 44. Kf3 Rb7 45. Re5 Rb3+ 46.
Re3 Rb1 47. Kg4 g6 48. Re8 Kd5 49. e4+ 1-0

[Event "DRAGOMANOV FIT 2025-MASTERS"]
[Site "Kyiv"]
[Date "2025.10.03"]
[Round "6.5"]
[White "Vashchenko, Illia"]
[Black "Mikhalsky, Vladimir"]
[Result "1/2-1/2"]
[WhiteElo "1808"]
[BlackElo "2219"]
[Annotator "Prokhorov,Oleksandr"]
[PlyCount "76"]
[EventDate "2025.09.30"]
[EventType "swiss"]
[EventRounds "10"]
[EventCountry "UKR"]
[EventCategory "1"]

1. e4 g6 2. d4 Bg7 3. Nc3 d6 4. Be3 a6 5. a4 Nf6 6. f3 Nc6 7. Qd2 h5 8. h4 O-O
9. O-O-O Re8 10. Bc4 e5 11. Nge2 b5 12. axb5 axb5 13. Bxb5 Bd7 14. Bxc6 Bxc6
15. d5 Bb5 16. b3 Ba6 17. Kb2 Qb8 18. Ra1 Qb7 19. Ra4 c5 20. Rb1 Nd7 21. Kc1 f5
22. Bh6 Nb6 23. Raa1 fxe4 24. fxe4 Rf8 25. Ng3 Qd7 26. Bxg7 Kxg7 27. Qg5 Kh7
28. Nd1 Rf4 29. Ne3 Qf7 30. Ra2 $11 c4 31. Rba1 cxb3 32. Rxa6 b2+ 33. Kxb2 Rxa6
34. Rxa6 Qb7 35. Kc1 Qxa6 36. Qe7+ Kg8 37. Qe8+ Kh7 38. Qe7+ Kg8 $11 1/2-1/2

[Event "DRAGOMANOV FIT 2025-MASTERS"]
[Site "Kyiv"]
[Date "2025.10.03"]
[Round "6.6"]
[White "Zhukovskyi, Myhaylo"]
[Black "Diak, Hryhorii"]
[Result "1-0"]
[WhiteElo "2156"]
[BlackElo "1956"]
[Annotator "Prokhorov,Oleksandr"]
[PlyCount "73"]
[EventDate "2025.09.30"]
[EventType "swiss"]
[EventRounds "10"]
[EventCountry "UKR"]
[EventCategory "1"]

1. Nf3 d5 2. g3 Nf6 3. Bg2 g6 4. O-O Bg7 5. d4 O-O 6. c4 c6 7. a4 Bf5 8. Nc3
Nbd7 9. cxd5 cxd5 10. a5 a6 11. Qb3 e6 12. Qxb7 Ne4 13. Bf4 g5 14. Nxe4 gxf4
15. Nd6 Bg4 16. gxf4 Bxf3 17. Bxf3 Bxd4 18. Rac1 Ra7 19. Qc6 Nb8 20. Qa4 Bxb2
21. Rc2 Bg7 22. Nc8 Rc7 23. Rfc1 Rxc2 24. Rxc2 Qf6 25. Rc1 Qb2 26. Rc2 Qb1+ 27.
Kg2 Bf6 28. Nd6 Kh8 29. Bg4 e5 30. fxe5 Bg7 31. Bf5 Qd1 32. Qh4 h6 33. Nxf7+
Rxf7 34. Rc8+ Bf8 35. Qxh6+ Kg8 36. Rxf8+ Rxf8 37. Qh7# 1-0

[Event "DRAGOMANOV FIT 2025-MASTERS"]
[Site "Kyiv"]
[Date "2025.10.03"]
[Round "6.7"]
[White "Anatskiy, Alexey"]
[Black "Alexikov, Alexander"]
[Result "0-1"]
[WhiteElo "1846"]
[BlackElo "2176"]
[Annotator "Prokhorov,Oleksandr"]
[PlyCount "116"]
[EventDate "2025.09.30"]
[EventType "swiss"]
[EventRounds "10"]
[EventCountry "UKR"]
[EventCategory "1"]

1. d4 Nf6 2. Bg5 Ne4 3. Bf4 d5 4. Nd2 Nxd2 5. Qxd2 c6 6. e3 Bf5 7. Bd3 Bxd3 8.
Qxd3 e6 9. c3 Bd6 10. Bxd6 Qxd6 11. f4 Nd7 12. Nf3 Nf6 13. a3 Ne4 14. Nd2 Nxd2
15. Qxd2 f6 16. O-O O-O 17. Rf2 a5 18. Qd3 f5 19. c4 Qe7 20. g3 g6 21. Rc1 a4
22. c5 Rf7 23. Rc3 g5 24. Qd1 Rg7 25. Kh1 Kh8 26. Qf3 Rag8 27. b4 axb3 28. Rxb3
g4 29. Qd1 h5 30. Kg1 h4 31. Rg2 Rh7 32. Rbb2 Kg7 33. Qb3 Kf6 34. Kf2 Rgh8 35.
Rb1 Qd8 36. Qb4 hxg3+ 37. hxg3 $11 Qa8 38. Qb3 Qa5 39. Qb4 Qa6 40. Qb3 Rh2 41.
Rb2 Rh1 42. Re2 Ra1 43. Qb6 Qxb6 44. cxb6 Rhh1 45. Rd2 Rxa3 46. Rb2 Raa1 47.
Ke2 Ke7 48. Kd3 Rhd1+ 49. Kc3 Rac1+ 50. Kb3 c5 51. Rh2 cxd4 52. Rh7+ Kd6 53.
Rxb7 dxe3 54. Rh7 Rc8 55. b7 Rb8 56. Ka2 Rd2 57. Rh2 Rxh2 58. Rxh2 Rxb7 0-1

[Event "DRAGOMANOV FIT 2025-MASTERS"]
[Site "Kyiv"]
[Date "2025.10.03"]
[Round "6.8"]
[White "Khristovoy, Roman"]
[Black "Nikolaev, Leonid"]
[Result "1-0"]
[WhiteElo "2111"]
[BlackElo "2206"]
[Annotator "Prokhorov,Oleksandr"]
[PlyCount "107"]
[EventDate "2025.09.30"]
[EventType "swiss"]
[EventRounds "10"]
[EventCountry "UKR"]
[EventCategory "1"]

1. d4 Nf6 2. c4 c5 3. d5 b5 4. cxb5 a6 5. bxa6 g6 6. Nc3 Bxa6 7. e4 Bxf1 8.
Kxf1 d6 9. Nf3 Bg7 10. g3 O-O 11. Kg2 Qb6 12. Qe2 Qa6 13. Qc2 Nbd7 14. h3 Rfb8
15. a4 Ne8 16. Bd2 Nc7 17. a5 Qb7 18. Rhb1 Na6 19. Ra3 Nb4 20. Qd1 Ra6 21. Rba1
Nd3 22. b3 Rba8 23. Qe2 Nb4 24. Be1 Qc7 25. Nb5 Qd8 26. Nfd4 cxd4 27. Bxb4 d3
28. Qxd3 Bxa1 29. Rxa1 Qb8 30. Bc3 Nc5 31. Qc4 Nxe4 32. Nc7 Nxc3 33. Nxa6 Qb7
34. Qxc3 Rxa6 35. Qc4 e6 36. b4 exd5 37. Qd3 Qa8 38. Qd4 Qb7 39. h4 h5 40. g4
Rc6 41. Qxd5 Qc8 42. Ra3 hxg4 43. h5 gxh5 44. Qg5+ Kf8 45. Qxh5 Kg7 46. Qg5+
Kf8 47. Qf6 Kg8 48. Re3 Rc4 49. Re7 Qa8+ 50. Kh2 g3+ 51. Kxg3 Qf8 52. Qg5+ Kh7
53. Re1 Qa8 54. f3 1-0

[Event "DRAGOMANOV FIT 2025-MASTERS"]
[Site "Kyiv"]
[Date "2025.10.03"]
[Round "6.9"]
[White "Shkuta, Igor"]
[Black "Mikhaletz, Lubomir"]
[Result "1-0"]
[WhiteElo "1884"]
[BlackElo "2256"]
[Annotator "Prokhorov,Oleksandr"]
[PlyCount "85"]
[EventDate "2025.09.30"]
[EventType "swiss"]
[EventRounds "10"]
[EventCountry "UKR"]
[EventCategory "1"]

1. d4 d5 2. Nf3 c6 3. Bf4 Qb6 4. Qc1 Bf5 5. e3 Nf6 6. Nbd2 Nbd7 7. Be2 Nh5 8.
Bg5 h6 9. Bh4 g5 10. Bg3 Nxg3 11. hxg3 Bg7 12. a4 a5 13. Ra3 e6 14. Rb3 Qc7 15.
c4 Nb6 16. Ra3 O-O 17. O-O Bf6 18. Nh2 Be7 19. c5 Nd7 20. f4 b6 21. cxb6 Qxb6
22. Rb3 Bb4 23. Ndf3 c5 24. Bb5 Qd6 25. Bxd7 Qxd7 26. dxc5 Rac8 27. Rxb4 axb4
28. fxg5 Qe7 29. gxh6 Rxc5 30. Qe1 Rc2 31. g4 Be4 32. Qg3 Rxb2 33. Qe5 Rxg2+
34. Kxg2 f6 35. Qd4 e5 36. Qb6 Rc8 37. Kg3 Bd3 38. Rf2 Rc1 39. g5 fxg5 40. Ng4
Be4 41. Nf6+ Kf8 42. Qb8+ Kf7 43. Nxg5+ 1-0

[Event "DRAGOMANOV FIT 2025-MASTERS"]
[Site "Kyiv"]
[Date "2025.10.03"]
[Round "6.10"]
[White "Herasymenko, Maksym"]
[Black "Romanov, Vladimir"]
[Result "0-1"]
[WhiteElo "1990"]
[BlackElo "1925"]
[Annotator "Prokhorov,Oleksandr"]
[PlyCount "98"]
[EventDate "2025.09.30"]
[EventType "swiss"]
[EventRounds "10"]
[EventCountry "UKR"]
[EventCategory "1"]

1. d4 Nf6 2. c4 e6 3. Nf3 b6 4. g3 Bb7 5. Bg2 Be7 6. O-O O-O 7. d5 exd5 8. Nh4
c6 9. cxd5 Nxd5 10. Nf5 Na6 11. e4 Nf6 12. e5 Ne8 13. Qg4 Nac7 14. Rd1 Ne6 15.
Be4 Kh8 16. Qh3 g6 17. Nh6 Qc7 18. Nc3 Rd8 19. Bc2 Qxe5 20. Ng4 Qc7 21. b3 f5
22. Ne3 N8g7 23. Bb2 d5 24. Ne2 Bf6 25. Bxf6 Rxf6 26. Rac1 c5 27. Ng2 d4 28.
Kf1 Qc6 29. Ne1 Rff8 30. Ng1 Kg8 31. Bd3 f4 32. g4 Ng5 33. Qh4 Qf6 34. f3 Ne4
35. Qh3 Nc3 36. Rd2 Rfe8 37. Ng2 Ne6 38. Qh6 Ng5 39. Bc4+ Kh8 40. Qh4 Kg7 41.
Ne1 Re3 42. Rf2 h6 43. Nh3 d3 44. Nxd3 Rdxd3 45. Bxd3 Rxd3 46. Ng1 Nd1 47. Re2
Ne3+ 48. Ke1 Qc3+ 49. Kf2 Qxc1 0-1

[Event "DRAGOMANOV FIT 2025-MASTERS"]
[Site "Kyiv"]
[Date "2025.10.03"]
[Round "7.1"]
[White "Kislinsky, Alexey"]
[Black "Rodin, Alexey"]
[Result "1-0"]
[WhiteElo "2341"]
[BlackElo "1830"]
[Annotator "Prokhorov,Oleksandr"]
[PlyCount "55"]
[EventDate "2025.09.30"]
[EventType "swiss"]
[EventRounds "10"]
[EventCountry "UKR"]
[EventCategory "1"]

1. Nc3 d5 2. e4 d4 3. Nce2 e5 4. Nf3 f6 5. Ng3 Be6 6. b3 Nc6 7. Bb5 Nge7 8. O-O
a6 9. Bc4 Bxc4 10. bxc4 d3 11. Rb1 Rb8 12. Rb3 dxc2 13. Qxc2 Ng6 14. c5 Qe7 15.
Nf5 Qf7 16. d4 exd4 17. N3xd4 Nxd4 18. Nxd4 Rd8 19. Be3 c6 20. Rfb1 Rd7 21.
Nxc6 bxc6 22. Rb8+ Rd8 23. Rxd8+ Kxd8 24. Rb8+ Kc7 25. Qb1 Bxc5 26. Rb7+ Kd6
27. Bxc5+ Kxc5 28. Qb4# 1-0

[Event "DRAGOMANOV FIT 2025-MASTERS"]
[Site "Kyiv"]
[Date "2025.10.03"]
[Round "7.2"]
[White "Podolskyi, Mykhailo"]
[Black "Khristovoy, Dmitriy"]
[Result "1/2-1/2"]
[WhiteElo "2259"]
[BlackElo "2163"]
[Annotator "Prokhorov,Oleksandr"]
[PlyCount "61"]
[EventDate "2025.09.30"]
[EventType "swiss"]
[EventRounds "10"]
[EventCountry "UKR"]
[EventCategory "1"]

1. d4 Nf6 2. c4 g6 3. Nc3 d5 4. Bg5 Ne4 5. Bh4 Nxc3 6. bxc3 dxc4 7. e3 Be6 8.
Nh3 Bh6 9. Bg5 Bxg5 10. Nxg5 Bd5 11. e4 h6 12. exd5 hxg5 13. Bxc4 Nd7 14. Be2
Nf6 15. c4 Qd6 16. h3 Kf8 17. Rb1 b6 18. Rb3 Rh4 19. g3 Rh7 20. Qd2 g4 21. h4
Rd8 22. Qd1 g5 23. Bxg4 gxh4 24. Bf5 Rh8 25. Qf3 e5 26. dxe6 fxe6 27. Bc2 Ke7
28. d5 c6 29. Rxh4 Rxh4 30. gxh4 cxd5 31. cxd5 $11 1/2-1/2